Mrs Lc's table / (Record no. 138972)

MARC details
000 -LEADER
fixed length control field 00596nam a22001817a 4500
005 - DATE AND TIME OF LATEST TRANSACTION
control field 20170418160835.0
010 ## - LCCN (DPL NO)
LC control number ENG-117840
020 ## - INTERNATIONAL STANDARD BOOK NUMBER
Terms of availability 350.00
International Standard Book Number 9789350095652
035 ## - SYSTEM CONTROL NUMBER
System control number EN-101372
037 ## - SOURCE OF ACQUISITION
Source of stock number/acquisition DBAD/PUB
082 ## - DEWEY DECIMAL CLASSIFICATION NUMBER
Classification number 641.5954
100 ## - MAIN ENTRY--PERSONAL NAME
Personal name Anoothi Vishal
245 ## - TITLE STATEMENT
Title Mrs Lc's table /
Statement of responsibility, etc by Anoothi Vishal
Remainder of title stories about Kayasth food and culture /
260 ## - PUBLICATION, DISTRIBUTION, ETC. (IMPRINT)
Place of publication, distribution, etc Gurgaon
Name of publisher, distributor, etc Hachette Book Publishing
Date of publication, distribution, etc 2016
270 ## - ADDRESS
Address 4th & 5th Floors, Corporate Center, Plot No. 94, Sector 44
City Gurgaon
Postal code 122003
300 ## - PHYSICAL DESCRIPTION
Extent xi,236p.
Dimensions 22cm(pbk)
942 ## - ADDED ENTRY ELEMENTS (KOHA)
Source of classification or shelving scheme Dewey Decimal Classification
Item type English Books
Call number suffix ANO
Classification part 641.5954
Holdings
Withdrawn status Lost status Not for loan Collection code Home library Current library Date acquired Source of acquisition Cost, normal purchase price Full call number Barcode Copy number Cost, replacement price Koha item type
    Not For Loan Non-fiction D.B.Act.Division Bawana 17/04/2017 DBAD/PUB 350.00 641.5954 ANO EN-101372 1 350.00 English Books

© Delhi Public Library
Hit Counter
free hit counter